<?xml version="1.0" encoding="UTF-8"?>
<record
    xmlns:xsi="http://www.w3.org/2001/XMLSchema-instance"
    xsi:schemaLocation="http://www.loc.gov/MARC21/slim http://www.loc.gov/standards/marcxml/schema/MARC21slim.xsd"
    xmlns="http://www.loc.gov/MARC21/slim">

  <leader>01177nam a22002777a 4500</leader>
  <controlfield tag="005">2010091802302.0</controlfield>
  <controlfield tag="008">100915t        xxu||||| |||| 00| 0 hin d</controlfield>
  <datafield tag="010" ind1=" " ind2=" ">
    <subfield code="a">HIN-91934</subfield>
  </datafield>
  <datafield tag="020" ind1=" " ind2=" ">
    <subfield code="c">45.00</subfield>
    <subfield code="a">9788175053274</subfield>
  </datafield>
  <datafield tag="035" ind1=" " ind2=" ">
    <subfield code="a">HN-64280</subfield>
  </datafield>
  <datafield tag="037" ind1=" " ind2=" ">
    <subfield code="b">DBAD / PUB</subfield>
  </datafield>
  <datafield tag="040" ind1=" " ind2=" ">
    <subfield code="a">DPL</subfield>
    <subfield code="b">HN</subfield>
  </datafield>
  <datafield tag="082" ind1=" " ind2=" ">
    <subfield code="a">230</subfield>
  </datafield>
  <datafield tag="100" ind1=" " ind2=" ">
    <subfield code="9">20178</subfield>
    <subfield code="a">&#x928;&#x93F;&#x930;&#x94D;&#x935;&#x947;&#x926;&#x93E;&#x928;&#x928;&#x94D;&#x926;</subfield>
  </datafield>
  <datafield tag="245" ind1=" " ind2=" ">
    <subfield code="a">&#x939;&#x93F;&#x928;&#x94D;&#x926;&#x942; &#x927;&#x930;&#x94D;&#x92E; &#x915;&#x940; &#x930;&#x942;&#x92A;&#x930;&#x947;&#x916;&#x93E; /</subfield>
    <subfield code="c">&#x928;&#x93F;&#x930;&#x94D;&#x935;&#x947;&#x926;&#x93E;&#x928;&#x928;&#x94D;&#x926;; &#x935;&#x93F;&#x926;&#x947;&#x939;&#x93E;&#x924;&#x94D;&#x92E;&#x93E;&#x928;&#x928;&#x94D;&#x926; &#x926;&#x94D;&#x935;&#x93E;&#x930;&#x93E; &#x905;&#x928;&#x941;&#x926;&#x93F;&#x924;</subfield>
  </datafield>
  <datafield tag="260" ind1=" " ind2=" ">
    <subfield code="a">&#x915;&#x94B;&#x932;&#x915;&#x93E;&#x924;&#x93E;</subfield>
    <subfield code="b">&#x905;&#x926;&#x94D;&#x927;&#x948;&#x924; &#x906;&#x936;&#x94D;&#x930;&#x92E;</subfield>
    <subfield code="c">2009</subfield>
  </datafield>
  <datafield tag="270" ind1=" " ind2=" ">
    <subfield code="a">5 &#x921;&#x93F;&#x939;&#x940; &#x90F;&#x923;&#x94D;&#x91F;&#x93E;&#x932;&#x940; &#x930;&#x94B;&#x921;</subfield>
    <subfield code="b">&#x915;&#x94B;&#x932;&#x915;&#x93E;&#x924;&#x93E;</subfield>
    <subfield code="e">700014</subfield>
  </datafield>
  <datafield tag="300" ind1=" " ind2=" ">
    <subfield code="a">188&#x92A;&#x943;.</subfield>
    <subfield code="c">22&#x938;&#x947;&#x92E;&#x940; (&#x905;&#x91C;&#x93F;&#x932;&#x94D;&#x926;)</subfield>
  </datafield>
  <datafield tag="650" ind1=" " ind2=" ">
    <subfield code="9">1159</subfield>
  </datafield>
  <datafield tag="650" ind1=" " ind2=" ">
    <subfield code="9">26117</subfield>
  </datafield>
  <datafield tag="700" ind1=" " ind2=" ">
    <subfield code="9">20179</subfield>
    <subfield code="a">&#x935;&#x93F;&#x926;&#x947;&#x939;&#x93E;&#x924;&#x94D;&#x92E;&#x93E;&#x928;&#x928;&#x94D;&#x926;</subfield>
  </datafield>
  <datafield tag="700" ind1=" " ind2=" ">
    <subfield code="9">20333</subfield>
  </datafield>
  <datafield tag="700" ind1=" " ind2=" ">
    <subfield code="9">20540</subfield>
  </datafield>
  <datafield tag="942" ind1=" " ind2=" ">
    <subfield code="2">ddc</subfield>
    <subfield code="c">HN</subfield>
    <subfield code="m">&#x928;&#x93F;&#x930;&#x94D;&#x935;&#x947;&#x926;&#x93E;</subfield>
    <subfield code="h">230</subfield>
  </datafield>
  <datafield tag="999" ind1=" " ind2=" ">
    <subfield code="c">50686</subfield>
    <subfield code="d">50686</subfield>
  </datafield>
  <datafield tag="952" ind1=" " ind2=" ">
    <subfield code="0">0</subfield>
    <subfield code="1">0</subfield>
    <subfield code="2">ddc</subfield>
    <subfield code="4">0</subfield>
    <subfield code="7">1</subfield>
    <subfield code="8">NFIC</subfield>
    <subfield code="a">DBAD</subfield>
    <subfield code="b">DBAD</subfield>
    <subfield code="d">2011-02-21</subfield>
    <subfield code="e">DBAD /PUB</subfield>
    <subfield code="g">45.00</subfield>
    <subfield code="l">0</subfield>
    <subfield code="o">230 &#x928;&#x93F;&#x930;&#x94D;&#x935;&#x947;&#x926;&#x93E;</subfield>
    <subfield code="p">HN-64280</subfield>
    <subfield code="r">2011-02-21 00:00:00</subfield>
    <subfield code="t">1</subfield>
    <subfield code="v">45.00</subfield>
    <subfield code="w">2011-02-21</subfield>
    <subfield code="y">HN</subfield>
  </datafield>
</record>
